000 01203nab a2200313 4500
999 _c23976
_d23976
001 vtls012239766
005 20251024081405.0
008 230920|2016 xo |||| ||an ||00 0|slo d
040 _aSPKCL
_bslo
_erda
_csk
041 _aslo
_bslo
044 _axo
_cSK
072 7 _a37
_xVýchova a vzdelávanie
_2konspekt
080 _a37.01/.09:364-214(=214.58)
_22011
080 _a37.043.2:373.3
_22011
100 1 _aFacuna, Jozef
_95116
245 1 0 _aInterkultúrnym vzdelávaním v základnej škole k sociálnej inklúzii žiakov z rómskych komunít
_cJozef Facuna
300 _bGrafy, fotografie, tabuľky
336 _atext
_btxt
_2rdacontent
337 _abez média
_bn
_2rdamedia
338 _azväzok
_bnc
_2rdacarrier
546 _aAnglické a slovenské resumé
650 0 7 _ainterkultúrna výchova
_2SNKPH
_95117
650 0 7 _azákladné školy
_2SNKPH
_95118
650 0 7 _aintegrovaná výchova a vzdelávanie
_2SNKPH
_95119
650 0 7 _aRómovia
_2SNKPH
_95120
655 7 _aBZB
_2SNKPH
_95121
773 0 _tSpolu s Rómami dosiahneme viac : zborník príspevkov z medzinárodnej vedeckej konferencie
_dBratislava : Štátny pedagogická ústav, 2016
_gS. 26-35
_z9788081181702
958 _aNB